000
00332nam a2200145Ia 4500
008
150201s2004 xx 000 0 und d
082
_a
617.6
_b
C2004P
100
_a
PROFFIT
245
_a
CONTEMPORARY ORTHODONTICS
250
_a
3RD
260
_b
MOSBY
_a
DELHI
_c
2004
300
_a
1-742
650
_a
ORTHODONTICS
942
_2
ddc
_c
BK
999
_c
3254
_d
3254